Filosofía de la educación /

Guardado en:
Autor Principal: González Alvarez, Angel
Formato: Libro
Publicado: Buenos Aires : Troquel, 1981
Edición:5a. ed.
Series:Biblioteca de Filosofía / Manuel Gonzalo Casas
Materias:
Etiquetas: Agregar Etiqueta
Sin Etiquetas, Sea el primero en etiquetar este registro!
LEADER 00882nam a22002055a 4500
001 CEM.cems013776
008 130507s1981##################000#0#####d
005 20220929200426.0
245 1 0 |a Filosofía de la educación /  |c Angel González Alvarez 
250 |a 5a. ed. 
260 |a Buenos Aires :  |b Troquel,  |c 1981 
300 |a 167 p. 
490 0 |a Biblioteca de Filosofía / Manuel Gonzalo Casas 
505 0 |a La estructura entitativa de la educación. La estructura esencial de la educación. El proceso educativo. La realización de la educación. La regulación del proceso educativo. Los fines de la educación 
100 1 |a González Alvarez, Angel 
082 0 4 |a 370.1 
653 |a Educación 
653 |a Filosofía de la educación 
859 |a CEMS  |b BIB. CEMS - 11 de abril  |h 370.1  |i G589a5  |p 26528.12  |t Ej.1 
859 |a CEMS  |b BIB. CEMS - Ccias. Educacion  |h 370.1  |i G589a5  |k CE  |p 29237.21  |t Ej:2